Catholic perspectives on sports (Record no. 123855)
[ view plain ]
| 000 -LEADER | |
|---|---|
| fixed length control field | 00484nam a22001457a 4500 |
| 008 - FIXED-LENGTH DATA ELEMENTS--GENERAL INFORMATION | |
| fixed length control field | 151208b xxu||||| |||| 00| 0 eng d |
| 020 ## - INTERNATIONAL STANDARD BOOK NUMBER | |
| International Standard Book Number | 9780809147953 |
| 050 ## - LIBRARY OF CONGRESS CALL NUMBER | |
| Classification number | GV706.42.K45 2012 |
| 100 ## - MAIN ENTRY--PERSONAL NAME | |
| Personal name | Kelly, Patrick |
| 9 (RLIN) | 21264 |
| 245 ## - TITLE STATEMENT | |
| Title | Catholic perspectives on sports |
| Remainder of title | from medieval to modern times |
| Statement of responsibility, etc | Patrick Kelly |
| 260 ## - PUBLICATION, DISTRIBUTION, ETC. (IMPRINT) | |
| Place of publication, distribution, etc | New York |
| Name of publisher, distributor, etc | Paulist Press |
| Date of publication, distribution, etc | 2012 |
| 300 ## - PHYSICAL DESCRIPTION | |
| Extent | xi, 212p. ; |
| Dimensions | 21cm. |
| 650 ## - SUBJECT ADDED ENTRY--TOPICAL TERM | |
| Topical term or geographic name as entry element | Sports |
| General subdivision | Religious aspects |
| -- | Catholic Church |
| 9 (RLIN) | 21154 |
| 942 ## - ADDED ENTRY ELEMENTS (KOHA) | |
| Source of classification or shelving scheme | Library of Congress Classification |
| Item type | Monograph ( Printed materials) |
| Withdrawn status | Lost status | Source of classification or shelving scheme | Damaged status | Not for loan | Collection code | Home library | Current library | Shelving location | Date acquired | Total Checkouts | Full call number | Barcode | Date last seen | Date last borrowed | Price effective from | Koha item type |
|---|---|---|---|---|---|---|---|---|---|---|---|---|---|---|---|---|
| Library of Congress Classification | Main Collection | ARRUPE LIBRARY | ARRUPE LIBRARY | Main Collection | 08/12/2015 | 6 | GV706.42.K45 2012 | 46500005578 | 11/03/2020 | 28/01/2020 | 08/12/2015 | Monograph ( Printed materials) |